000 00595 a2200181 4500
999 _c10061
_d10061
020 _a9780199049233
050 _aHF5635 LUB 2014
100 _aLubbe, Ilse
_eauthor
245 _aFinancial accounting :
_bIFRS Principles /
_cIsle Lubbe, Goolam Modack & Alex Watson
250 _a4th ed.
264 _aCape Town :
_bOxford University Press,
_c2014.
300 _a798p. :
_bill.
500 _aIncludes bibliographical references and indexes
650 _aAccounting -- Standards
700 _aModack, Goolam
_eauthor
700 _aWatson, Alex
_eauthor
942 _2lcc
_cBK
_e4th ed.
_h5635
_iLUB
_kHF